1655 1489 1412 1568 1897 1484 1231 1491 1332 1103 1902 1610 1490 1471 1238 1026 1335 1474 1372 1618 1328 1174 1258 1403 1360 1236 1034 1611 1313 1480 1167 1445 1021 1250 1961 1663 1970 1848 1502 1819 1757 1122 1902 1315 1816 1766 1301 1487 1129 1717 1605 1380 1217 1803 1479 1581 1676 1027 1436 1792 1137 1236 1768 1762 1460 1989 1859 1638 1596 1795 1062 1311 1077 1316 1681 1767 1666 1256 1726 1331 1497 1249 1689 1431 1329 1360 1600 1128 1008 1192 1552 1507 1962 1652 1782 1873 1303 1633 1010 BCNSPRNW ULIB Ver.6.0+V

เปลี่ยนเป็นภาษาไทย

Change to English
 แสดงรายละเอียดบรรณานุกรม
  กลับหน้าหลัก

Brief Record : Get Marc (ISO 2709) : E-mail record : QR code < ปิดหน้าต่าง
LEADER : 00000nam 2200000uu 4500
001    13399115185
003     ULIB
008    111208s2553||||th 000 0 tha d
020    ^a9786167052212
090    ^aนว.^bร388ฮ ล.1
100    ^aรัศมีจันทร์
245    ^aไฮโซติดเกาะ ตอน สายลมแห่งฤดูหนาว เล่ม 3/^cรัศมีจันทร์
250    ^aพิมพ์ครั้งที่ 1
260    ^aกรุงเทพฯ :^bณ บ้านวรรณกรรม,^c2553
300    ^a320 หน้า
710 1  ^aณ บ้านวรรณกรรม
945    ^p240^l0^i026740
995    ^aทศพร
999 ^a ทศพร
รายการนี้ยังไม่มีแท็ก
คุณยังไม่ได้ล็อกอิน คุณสามารถมีกิจกรรมร่วมกับเว็บไซต์ได้ แต่ต้องล็อกอินก่อน ::
  ล็อกอิน

รายการสื่อสารสนเทศ

ลำดับที่ ประเภท เลขเรียก/บาร์โค้ด สถานที่ สถานะ
1. นวนิยาย
นวนิยาย
นว. ร388ฮ ล.1 ฉ.1 
  Barcode: 026740
ห้องสมุดวิทยาเขตสวรรค์ประชารักษ์
►นวนิยาย
บนชั้น
  ขอยืม

รายการใกล้เคียง
    ผู้แต่ง [รัศมีจันทร์]

BibComment


ยังไม่เคยถูกคอมเมนท์

คอมเมนท์ทรัพยากรรายการนี้
  คอมเมนท์: ไฮโซติดเกาะ ตอน ..


 Copyright 2026. Bcnsprnw @Library